Tendencias de la escultura húngara contemporánea (Record no. 13174)

MARC details
000 -LEADER
campo de control de longitud fija 01034nam a2200241 4500
001 - NÚMERO DE CONTROL
campo de control 13174
003 - IDENTIFICADOR DE NÚMERO DE CONTROL
campo de control ES-MaACL
005 - FECHA Y HORA DE LA ÚLTIMA TRANSACCIÓN
campo de control 20230906150521.0
007 - CAMPO FIJO DE DESCRIPCIÓN FÍSICA--INFORMACIÓN GENERAL
campo de control de longitud fija t|
008 - DATOS DE LONGITUD FIJA--INFORMACIÓN GENERAL
campo de control de longitud fija 000000s1983 sp a ||||0| spa j
016 7# - NÚMERO DE CONTROL DE UNA AGENCIA BIBLIOGRÁFICA NACIONAL
Número de control cancelado/no válido IBH8405717917
040 ## - FUENTE DE CATALOGACIÓN
Centro catalogador/agencia de origen IBH
Lengua de catalogación spa
Centro/agencia transcriptor M-BN-DP
080 ## - NÚMERO DE LA CLASIFICACIÓN DECIMAL UNIVERSAL
Número de la Clasificación Decimal Universal 73(439)"19":061.46(46)"1983"
245 00 - MENCIÓN DEL TÍTULO
Título Tendencias de la escultura húngara contemporánea
Resto del título : exposición itinerante de escultura a pequeña escala, Salas de la Dirección General de Bellas Artes y Archivos, Madrid, septiembre-octubre, 1983 /
Mención de responsabilidad, etc. organizada por el Ministerio de Cultura Húngaro.
260 ## - PUBLICACIÓN, DISTRIBUCIÓN, ETC.
Lugar de publicación, distribución, etc. Madrid :
Nombre del editor, distribuidor, etc. Ministerio de Cultura, Dirección General de Bellas Artes y Archivos,
Fecha de publicación, distribución, etc. D.L. 1983.
300 ## - DESCRIPCIÓN FÍSICA
Extensión 76 p :
Otras características físicas il ;
Dimensiones 25 cm.
650 14 - PUNTO DE ACCESO ADICIONAL DE MATERIA--TÉRMINO DE MATERIA
Término de materia o nombre geográfico como elemento de entrada Escultura húngara-
Subdivisión cronológica S.XX-
Subdivisión de forma Exposiciones.
9 (RLIN) 12444
655 #7 - TERMINO DE INDIZACIÓN--GENERO/FORMA
Fuente del término tgfbne
9 (RLIN) 193628
Datos o término principal de género/forma Catálogos de exposiciones
710 1# - ENTRADA AGREGADA--NOMBRE DE ENTIDAD CORPORATIVA
Nombre de entidad corporativa o nombre de jurisdicción como elemento de entrada España.
Unidad subordinada Dirección General de Bellas Artes y Archivos.
9 (RLIN) 3708
852 ## - LOCALIZACIÓN
Ubicación ES-MaACL
Número de control de estantería L-20470
Sublocalización o colección R.123373
942 ## - ELEMENTOS DE ENTRADA SECUNDARIOS (KOHA)
Fuente del sistema de clasificación o colocación Clasificación decimal universal
Holdings
Estatus retirado Estado de pérdida Estado de daño No para préstamo Biblioteca de origen Biblioteca actual Ubicación en estantería Fecha de adquisición Fuente de adquisición Total de préstamos Signatura topográfica completa Código de barras Visto por última vez Precio de reemplazo Tipo de ítem Koha
        Biblioteca del Ateneo de Madrid Biblioteca del Ateneo de Madrid Depósito 2 17/01/2008     L-20470 1013415 23/02/2023 23/02/2023 Libro impreso